000 00701nam a2200277 4500
001 797999
003 ARRUPE
005 20131220171142.0
008 720202s1971 enk b 001 0 eng
010 _a 74883885
015 _aB71-15724
020 _a0224005456
040 _aDLC
_cDLC
_dDLC
050 0 0 _aU21.2
_b.C53
082 0 0 _a355.02
100 1 _aClarke, Robin.
_96445
245 1 4 _aThe science of war and peace.
260 _aLondon,
_bCape,
_c1971.
300 _a349 p.
_c23 cm.
350 _a£2.95
504 _aBibliography: p. 323-339.
650 0 _aWar.
_96446
650 0 _aPeace.
_96447
906 _a7
_bcbc
_corignew
_d3
_encip
_f19
_gy-gencatlg
942 _2lcc
_cMONOGRAPH
999 _c119478
_d119478